000 00893cab a2200241 4500
001 WB2849-52
008 090401t xxu||||| |||| 00| 0 eng d
035 _a(Sirsi) u46609
041 _aeng
245 _aFarmer (VO) v Buxted Poultry
350 _a0
490 _aTranscript
_v8 pages
520 _aHL 10 December 1992. In an appeal as to whether a poultry processing factory owned, occupied and operated by Buxted is an `agricultural building` and therefore exempt from rates; HL held that it is impossible to conclude that the factory could be occupied with all its farms. Appeal dismissed.
650 _aAGRICULTURAL BUILDINGS
650 _aEXEMPTION
650 _aGENERAL RATE ACT 1967 S26
650 _aPOULTRY PROCESSING FACTORY
650 _aRATING ACT 1971 S1
650 _aRATING APPEALS
690 _aRATING AND VALUATION-CASE LAW
942 _n0
948 _c04/03/1997
999 _c29481
_d29481